<?xml version="1.0" encoding="UTF-8"?>
<record
    xmlns:xsi="http://www.w3.org/2001/XMLSchema-instance"
    xsi:schemaLocation="http://www.loc.gov/MARC21/slim http://www.loc.gov/standards/marcxml/schema/MARC21slim.xsd"
    xmlns="http://www.loc.gov/MARC21/slim">

  <leader>01483nam1a22003851i 4500</leader>
  <controlfield tag="001">v19\rc\1523070</controlfield>
  <controlfield tag="005">20240726100518.0</controlfield>
  <datafield tag="035" ind1=" " ind2=" ">
    <subfield code="a">(NLR Aleph) 004688768</subfield>
  </datafield>
  <datafield tag="090" ind1=" " ind2=" ">
    <subfield code="a">3905814</subfield>
    <subfield code="c">3905814</subfield>
  </datafield>
  <datafield tag="100" ind1=" " ind2=" ">
    <subfield code="a">20060620g18811886|||y0rusy50      ca</subfield>
  </datafield>
  <datafield tag="101" ind1="0" ind2=" ">
    <subfield code="a">rus</subfield>
  </datafield>
  <datafield tag="102" ind1=" " ind2=" ">
    <subfield code="a">RU</subfield>
  </datafield>
  <datafield tag="105" ind1=" " ind2=" ">
    <subfield code="a">    z   |||||</subfield>
  </datafield>
  <datafield tag="200" ind1="1" ind2=" ">
    <subfield code="a">&#x418;&#x441;&#x442;&#x43E;&#x440;&#x438;&#x447;&#x435;&#x441;&#x43A;&#x438;&#x435; &#x438;&#x441;&#x441;&#x43B;&#x435;&#x434;&#x43E;&#x432;&#x430;&#x43D;&#x438;&#x44F;, &#x441;&#x43B;&#x443;&#x436;&#x430;&#x449;&#x438;&#x435; &#x43A; &#x43E;&#x43F;&#x440;&#x430;&#x432;&#x434;&#x430;&#x43D;&#x438;&#x44E; &#x441;&#x442;&#x430;&#x440;&#x43E;&#x43E;&#x431;&#x440;&#x44F;&#x434;&#x446;&#x435;&#x432;</subfield>
    <subfield code="f">&#x412;.&#x41C;.&#x41A;. [&#x422;. 1]-3</subfield>
  </datafield>
  <datafield tag="210" ind1=" " ind2=" ">
    <subfield code="a">&#x41C;&#x43E;&#x441;&#x43A;&#x432;&#x430;</subfield>
    <subfield code="c">&#x442;&#x438;&#x43F;. &#x410;. &#x41C;&#x430;&#x43B;&#x44E;&#x43A;&#x43E;&#x432;&#x430; &#x438; &#x41A;&#xB0;</subfield>
    <subfield code="d">1881-1886</subfield>
  </datafield>
  <datafield tag="215" ind1=" " ind2=" ">
    <subfield code="d">25</subfield>
  </datafield>
  <datafield tag="300" ind1=" " ind2=" ">
    <subfield code="a">&#x41C;&#x435;&#x441;&#x442;&#x43E; &#x438;&#x437;&#x434;. &#x438; &#x442;&#x438;&#x43F;. &#x442;. 2-3: &#x427;&#x435;&#x440;&#x43D;&#x43E;&#x432;&#x446;&#x44B;: &#x442;&#x438;&#x43F;. &#x413;. &#x427;&#x43E;&#x43F;&#x43F;&#x430;</subfield>
  </datafield>
  <datafield tag="300" ind1=" " ind2=" ">
    <subfield code="a">&#x410;&#x432;&#x442;. &#x443;&#x441;&#x442;&#x430;&#x43D;&#x43E;&#x432;&#x43B;&#x435;&#x43D; &#x43F;&#x43E; &#x438;&#x437;&#x434;.: &#x421;&#x432;&#x43E;&#x434;. &#x43A;&#x430;&#x442;. &#x440;&#x443;&#x441;. &#x43D;&#x435;&#x43B;&#x435;&#x433;. &#x438; &#x437;&#x430;&#x43F;&#x440;&#x435;&#x449;. &#x43F;&#x435;&#x447;&#x430;&#x442;&#x438; XIX &#x432;.: &#x41A;&#x43D;. &#x438; &#x43F;&#x435;&#x440;&#x438;&#x43E;&#x434;. &#x438;&#x437;&#x434;. 2-&#x435; &#x438;&#x437;&#x434;. &#x41C;., 1981. &#x427;. 1. &#x2116; 689. &#x421;. 124</subfield>
  </datafield>
  <datafield tag="700" ind1=" " ind2="1">
    <subfield code="9">z02790</subfield>
    <subfield code="a">&#x41A;&#x430;&#x440;&#x43B;&#x43E;&#x432;&#x438;&#x447;</subfield>
    <subfield code="b">&#x412;.&#x41C;.</subfield>
    <subfield code="f">-1912</subfield>
    <subfield code="g">&#x412;&#x43B;&#x430;&#x434;&#x438;&#x43C;&#x438;&#x440; &#x41C;&#x438;&#x445;&#x430;&#x439;&#x43B;&#x43E;&#x432;&#x438;&#x447;</subfield>
  </datafield>
  <datafield tag="790" ind1=" " ind2="0">
    <subfield code="9">z02700</subfield>
    <subfield code="a">&#x412;.&#x41C;.&#x41A;.</subfield>
    <subfield code="f">-1912</subfield>
  </datafield>
  <datafield tag="801" ind1=" " ind2="0">
    <subfield code="a">RU</subfield>
    <subfield code="b">NLR</subfield>
    <subfield code="g">psbo</subfield>
  </datafield>
  <datafield tag="801" ind1=" " ind2="0">
    <subfield code="a">RU</subfield>
    <subfield code="b">RuMoRGB</subfield>
    <subfield code="2">psbo</subfield>
  </datafield>
  <datafield tag="801" ind1=" " ind2="1">
    <subfield code="a">RU</subfield>
    <subfield code="b">ProSoft-M</subfield>
    <subfield code="2">rusmarc</subfield>
  </datafield>
  <datafield tag="852" ind1=" " ind2=" ">
    <subfield code="a">NLR</subfield>
    <subfield code="b">&#x412;&#x41F;</subfield>
    <subfield code="j">6686</subfield>
  </datafield>
  <datafield tag="852" ind1=" " ind2=" ">
    <subfield code="a">NLR</subfield>
    <subfield code="b">&#x412;&#x41F;</subfield>
    <subfield code="j">6818</subfield>
  </datafield>
  <datafield tag="852" ind1=" " ind2=" ">
    <subfield code="a">NLR</subfield>
    <subfield code="b">&#x412;&#x41F;</subfield>
    <subfield code="j">6687</subfield>
  </datafield>
  <datafield tag="852" ind1=" " ind2=" ">
    <subfield code="a">NLR</subfield>
    <subfield code="j">+&#x428;&#x438;&#x444;&#x440;&#x44B; &#x440;&#x430;&#x437;&#x43D;&#x44B;&#x435;</subfield>
  </datafield>
  <datafield tag="899" ind1=" " ind2=" ">
    <subfield code="a">RuMoRGB</subfield>
    <subfield code="j">U 407/135</subfield>
  </datafield>
  <datafield tag="899" ind1=" " ind2=" ">
    <subfield code="a">RuMoRGB</subfield>
    <subfield code="j">&#x41C;&#x41A;</subfield>
  </datafield>
  <datafield tag="899" ind1=" " ind2=" ">
    <subfield code="a">RuMoRGB</subfield>
    <subfield code="j">801-91/6631-4 (&#x442;. 2)</subfield>
  </datafield>
  <datafield tag="899" ind1=" " ind2=" ">
    <subfield code="a">RuMoRGB</subfield>
    <subfield code="j">801-91/6632-2 (&#x442;. 3)</subfield>
  </datafield>
  <datafield tag="899" ind1=" " ind2=" ">
    <subfield code="a">&#x411;&#x410;&#x41D;</subfield>
  </datafield>
  <datafield tag="899" ind1=" " ind2=" ">
    <subfield code="a">&#x41D;&#x411; &#x421;&#x41F;&#x431;&#x413;&#x423;</subfield>
  </datafield>
  <datafield tag="899" ind1=" " ind2=" ">
    <subfield code="a">&#x413;&#x41F;&#x418;&#x411;</subfield>
  </datafield>
  <datafield tag="942" ind1=" " ind2=" ">
    <subfield code="c">BOOK</subfield>
  </datafield>
</record>
